LDR 00639naa#a2200181#i#450# 001 EN\INFRA-M\bibl\118041 005 20260413183722.1 011 ## _a1998-0701 100 ## _a20260227b2026####ek#y0engy0150####ca 102 ## _aRU 200 1# _aModern Approaches to the Study of Innovation Processes in the Agro-Industrial Complex _eJournal article 210 1# _aMoscow _cINFRA-M Academic Publishing LLC. _d2026 215 ## _a3 с. 608 ## _aJournal article _2local 675 ## _aРегиональная экономика. Территориальная экономика. 332.1 _z 700 #1 _aYudin _gA. A. 700 #1 _aTarabukina _gT. V. 856 4# _anaukaru.ru _u